| 000 | 00978nam a2200289 a 4500 | ||
|---|---|---|---|
| 001 | 000110593 | ||
| 003 | CHAP | ||
| 005 | 20240904094709.0 | ||
| 008 | 140912s2009 mx | |r| |||1|||spa|d | ||
| 010 | _a107055 | ||
| 011 | _a108027 | ||
| 040 | _cCHAP | ||
| 082 | 0 | 4 |
_a633.1 _bB26 |
| 100 | 1 | 0 |
_aBarrales Domínguez, José Sergio _910332 |
| 245 | 1 | 0 |
_aPlan estratégico para la producción de granos en México / _cpor José Sergio Barrales Domínguez. |
| 260 | 3 |
_aMéxico, D.F. : _bCentro de Estudios para el Desarrollo Rural Sustentable y la Soberanía Alimentaria, _c2009. |
|
| 300 |
_a96 p. : _bil. |
||
| 590 |
_aE792CSJ _b05 _c20140912 _lUCH01 _h1433 |
||
| 650 | 1 | 4 |
_aArroz _xProducción _zMéxico. _9128409 |
| 650 | 1 | 4 |
_aCereales _xProducción _zMéxico. _9128412 |
| 650 | 1 | 4 |
_aFrijol _xProducción _zMéxico. _9128414 |
| 650 | 1 | 4 |
_aMaíz _xProducción _zMéxico. _9128410 |
| 650 | 1 | 4 |
_aTrigo _xProducción _zMéxico. _9128411 |
| 901 | _aBK | ||
| 942 | _cLIBRO | ||
| 942 | _n0 | ||
| 999 |
_c107055 _d107055 |
||